00406nam a2200145Ia 4500008004100000020001500041041001200056082001600068100002000084245007600104260003600180300000800216650001400224700002200238221030s9999 xx 000 0 und d a8121921376 aEnglish a105.23bRan aG. K. Ranganath 2aA Text Book of Computer Oriented Numerical Methods & Linear Programming bS. Chand & Co.aNew Delhic2002 a290 aComputers aB. Sooryanarayana